书目信息 |
| 题名: |
微机原理与接口技术
|
|
| 作者: | 高占国 , 宋文强 , 杨秀清 主编 | |
| 分册: | ||
| 出版信息: | 重庆 重庆大学出版社 2006.08 |
|
| 页数: | 271页 | |
| 开本: | 26cm | |
| 丛书名: | 普通高等院校计算机基础教育系列教材 | |
| 单 册: | ||
| 中图分类: | TP36 | |
| 科图分类: | ||
| 主题词: | 微型计算机--wei xing ji suan ji--理论--高等学校--教材 | |
| 电子资源: | ||
| ISBN: | 7-5624-3801-3 | |
| 000 | 01223nam 2200277 450 | |
| 001 | 012006488781 | |
| 005 | 20070612154700.81 | |
| 010 | @a7-5624-3801-3@dCNY23.00 | |
| 100 | @a20061203d2006 km y0chiy0120 ea | |
| 101 | 0 | @achi |
| 102 | @aCN@b500000 | |
| 105 | @ay a 000yy | |
| 200 | 1 | @a微机原理与接口技术@Awei ji yuan li yu jie kou ji shu@f高占国, 宋文强, 杨秀清主编@Fgao zhan guo,song wen qiang,yang xiu qing zhu bian |
| 210 | @a重庆@c重庆大学出版社@d2006.08 | |
| 215 | @a271页@d26cm | |
| 225 | 2 | @a普通高等院校计算机基础教育系列教材@Apu tong gao deng yuan xiao ji suan ji ji chu jiao yu xi lie jiao cai |
| 320 | @a有书目 (第271页)。 | |
| 330 | @a本书全面地介绍了PC系列微型计算机原理与接口技术。内容包括:微机原理概述、Intel 80x6微处理器、80x86的指令系统、汇编语言程序设计基础、半导体存储器极其接口、中断技术、输入/输出接口概述、可编程并行芯片8255A、可编程串行接口芯片8251等。 | |
| 410 | 0 | @12001 @a普通高等院校计算机基础教育系列教材 |
| 606 | 0 | @a微型计算机@Awei xing ji suan ji@x理论@x高等学校@j教材 |
| 690 | @aTP36@v4 | |
| 701 | 0 | @a高占国@Agao zhan guo@4主编 |
| 701 | 0 | @a宋文强@Asong wen qiang@4主编 |
| 701 | 0 | @a杨秀清@Ayang xiu qing@4主编 |
| 801 | 0 | @aCN@c20070612 |
| 905 | @a10447@dTP36@eG211 | |
| 微机原理与接口技术/高占国, 宋文强, 杨秀清主编.-重庆:重庆大学出版社,2006.08 |
| 271页;26cm.-(普通高等院校计算机基础教育系列教材) |
| ISBN 7-5624-3801-3:CNY23.00 |
| 本书全面地介绍了PC系列微型计算机原理与接口技术。内容包括:微机原理概述、Intel 80x6微处理器、80x86的指令系统、汇编语言程序设计基础、半导体存储器极其接口、中断技术、输入/输出接口概述、可编程并行芯片8255A、可编程串行接口芯片8251等。 |
| ● |
| 相关链接 |
|
|
|
正题名:微机原理与接口技术
索取号:TP36/G211
 
预约/预借
| 序号 | 登录号 | 条形码 | 馆藏地/架位号 | 状态 | 备注 |
| 1 | 229882 | 202298824 | 自科库301/301自科库 91排2列3层/ [索取号:TP36/G211] | 在馆 | |
| 2 | 229883 | 202298833 | 自科库301/301自科库 91排2列3层/ [索取号:TP36/G211] | 在馆 |